<?xml version="1.0" encoding="UTF-8"?>
<marc:record xmlns:marc="http://www.loc.gov/MARC21/slim">
   <marc:leader>00000nam a2200000 a 4500</marc:leader>
   <marc:datafield ind1="1" ind2=" " tag="100">
      <marc:subfield code="a">Rollinger, Maria</marc:subfield>
      <marc:subfield code="4">aut</marc:subfield>
      <marc:subfield code="e">Verfasser/-in</marc:subfield>
   </marc:datafield>
   <marc:datafield ind1=" " ind2=" " tag="653">
      <marc:subfield code="a">Gesundheit</marc:subfield>
   </marc:datafield>
   <marc:datafield ind1=" " ind2=" " tag="653">
      <marc:subfield code="a">Gesunde Lebensführung</marc:subfield>
   </marc:datafield>
   <marc:datafield ind1="0" ind2="0" tag="245">
      <marc:subfield code="a">Milch besser nicht</marc:subfield>
   </marc:datafield>
   <marc:datafield ind1="0" ind2="0" tag="245">
      <marc:subfield code="b">ein kritisches Lesebuch</marc:subfield>
   </marc:datafield>
   <marc:datafield ind1=" " ind2="1" tag="264">
      <marc:subfield code="b">Jou-Verlag</marc:subfield>
      <marc:subfield code="c">2013</marc:subfield>
   </marc:datafield>
   <marc:datafield ind1="1" ind2=" " tag="520">
      <marc:subfield code="a">Wer wissen möchte, was es mit Milchhexen und der viel zitierten Milchmädchenrechnung auf sich hat, seit wann wir massenhaft Milchprodukte konsumieren, wie lange eine ‚Turbohochleistungskuh' durchschnittlich lebt, was es mit Klonkühen auf sich hat, und was Wissenschaftler im Auftrag der Europäischen Union zur heutigen Haltung von Kühen sagen, warum Milch nicht mehr sauer wird, sondern verdirbt, was unseren Joghurt vom traditionellen Joghurt unterscheidet, wer auf dieser Erde laktoseintolerant ist und warum, welche Krankheiten mit Milchprodukten in Zusammenhang gebracht werden und schließlich warum wir trotz hohen Milchkonsums unter Kalziummangel leiden, der findet hier Antworten oder die Quellen für weiteres Studium.
</marc:subfield>
   </marc:datafield>
   <marc:datafield ind1=" " ind2=" " tag="020">
      <marc:subfield code="a">9783940236005</marc:subfield>
      <marc:subfield code="9">9783940236005</marc:subfield>
   </marc:datafield>
</marc:record>
